La perizia psicologica in età evolutiva
| Contributors: | |
|---|---|
| Format: | Print Book |
| Language: | Italian |
| Published: |
Milano
Giuffrè
1990
|
| In: |
Psicologia sociale e clinica della devianza (51)
Year: 1990 |
| Availability in Tübingen: | Present in Tübingen. UB: KB 18 A 8488 |
| Check availability: | HBZ Gateway |
| Subito Delivery Service: | Order now. |
MARC
| LEADER | 00000cam a2200000 c 4500 | ||
|---|---|---|---|
| 001 | 109544199X | ||
| 003 | DE-627 | ||
| 005 | 20240906045641.0 | ||
| 007 | tu | ||
| 008 | 910827s1990 xx ||||| 00| ||ita c | ||
| 020 | |a 8814026610 |9 88-14-02661-0 | ||
| 035 | |a (DE-627)109544199X | ||
| 035 | |a (DE-576)02544199X | ||
| 035 | |a (DE-599)BSZ02544199X | ||
| 035 | |a (OCoLC)311643098 | ||
| 035 | |a (OCoLC)311643098 | ||
| 040 | |a DE-627 |b ger |c DE-627 |e rakwb | ||
| 041 | |a ita | ||
| 245 | 0 | 3 | |a La perizia psicologica in età evolutiva |c a cura di Gaetano De Leo ... |
| 264 | 1 | |a Milano |b Giuffrè |c 1990 | |
| 300 | |a VII, 320 S. | ||
| 336 | |a Text |b txt |2 rdacontent | ||
| 337 | |a ohne Hilfsmittel zu benutzen |b n |2 rdamedia | ||
| 338 | |a Band |b nc |2 rdacarrier | ||
| 490 | 1 | |a Psicologia sociale e clinica della devianza |v 51 | |
| 583 | 1 | |a Archivierung prüfen |c 20200919 |f DE-640 |z 1 |2 pdager | |
| 700 | 1 | |a De Leo, Gaetano |e Hrsg. |0 (DE-627)1234805995 |0 (DE-576)164805990 |4 edt | |
| 830 | 0 | |a Psicologia sociale e clinica della devianza |v 51 |9 51 |w (DE-627)188754965X |w (DE-576)013939173 |w (DE-600)3186452-1 |7 am | |
| 951 | |a BO | ||
| ELC | |b 1 | ||
| LOK | |0 000 xxxxxcx a22 zn 4500 | ||
| LOK | |0 001 2170788735 | ||
| LOK | |0 003 DE-627 | ||
| LOK | |0 004 109544199X | ||
| LOK | |0 005 20151014111931 | ||
| LOK | |0 008 910827||||||||||||||||ger||||||| | ||
| LOK | |0 040 |a DE-21 |c DE-627 |d DE-21 | ||
| LOK | |0 852 |a DE-21 | ||
| LOK | |0 852 1 |c KB 18 A 8488 |9 00 | ||
| LOK | |0 935 |a krim | ||
| LOK | |0 939 |a 27-08-91 |b l01 | ||
| ORI | |a SA-MARC-krimdoka001.raw | ||
| SIG | |a UB: KB 18 A 8488 | ||
